00217 a2200109 4500001000700000020000600007040001100013100001300024240003300037245002800070362000900098177552 a  cMagnum aGrafalco10aLa cigarra y la hormigalESP10aLa cigarra y la hormiga0 a1899